| 000 | 00625cab a2200205 4500 | ||
|---|---|---|---|
| 001 | ABS51298 | ||
| 008 | 090401t1994 xxu||||| |||| 00| 0 eng d | ||
| 035 | _a(Sirsi) u20494 | ||
| 041 | _aeng | ||
| 100 | _aPerkins, D. | ||
| 245 | _aProperty Misdescriptions Act : maintaining the alert! | ||
| 260 | _c1994 | ||
| 350 | _a0 | ||
| 490 |
_aEstate Agent _vSeptember 1994, 28-29(2) |
||
| 520 | _aDiscusses the first eighteen months of Property Misdescriptions Act and how it has affected agents. | ||
| 650 | _aPROPERTY MISDESCRIPTIONS ACT 1991 | ||
| 690 | _aPROPERTY LAW AND PRACTICE | ||
| 942 | _n0 | ||
| 948 | _c04/03/1997 | ||
| 999 |
_c13729 _d13729 |
||